000 00362nam a2200157Ia 4500
008 230605s2006 xx 000 0 und d
041 _aeng
100 _aRyan
245 _aRecreational tourism demand and lmpacts
260 _bViva books Mumbai
_c2006
300 _a358p
365 _h20
520 _aGeneral
520 _aHard Board
650 _aTourism
999 _c421242
_d421242